[Event "III Miedzynarodowy Memorial Ireny Warakomskiej - Open B"]
[Site "Suwalki"]
[Date "2019.08.12"]
[Round "7.30"]
[White "Bebnik, Malgorzata "]
[Black "Milanowski, Jan"]
[Result "1/2-1/2"]
[WhiteTitle ""]
[BlackTitle ""]
[WhiteElo "1737"]
[BlackElo "1857"]

1. d4 c5 2. d5 d6 3. Nc3 g6 4. e4 Bg7 5. f4 a6 6. a4 Nf6 7. Nf3 O-O 8. Bc4 Ne8
9. O-O e6 10. e5 exd5 11. Nxd5 Nc6 12. Be3 b6 13. c3 dxe5 14. fxe5 Nxe5 15. Nxe5
Bxe5 16. Qd2 Nd6 17. Bd3 Be6 18. Nf4 Bc4 19. Rfd1 Bxd3 20. Qxd3 Nf5 21. Qe4 Qe8
22. Bf2 Qb8 23. g3 Re8 24. Qf3 Bxf4 25. gxf4 Qc7 26. Rd3 Rad8 27. Rad1 Rxd3 28.
Rxd3 Rd8 29. Rxd8+ Qxd8 30. Qe2 Qc7 31. Qxa6 Qxf4 32. Qxb6 Qg4+ 33. Kf1 Qd1+ 34.
Kg2 Qg4+ 35. Kf1 Qd1+ 36. Kg2 Qg4+ 37. Kf1 Qd1+ 1/2-1/2

[Event "III Miedzynarodowy Memorial Ireny Warakomskiej - Open B"]
[Site "Suwalki"]
[Date "2019.08.12"]
[Round "7.31"]
[White "Duda, Lukasz "]
[Black "Szczygiel, Jakub "]
[Result "1/2-1/2"]
[WhiteTitle ""]
[BlackTitle ""]
[WhiteElo "1847"]
[BlackElo "1809"]

1. e4 c5 2. c3 g6 3. d4 cxd4 4. cxd4 d5 5. e5 Bg7 6. Nc3 Nc6 7. Bb5 e6 8. Nf3 Nge7
9. O-O O-O 10. Re1 a6 11. Bf1 b5 12. Bf4 Qb6 13. Qd2 Nf5 14. Rad1 Bd7 15. g4 Nfe7
16. Bh6 f6 17. Bxg7 Kxg7 18. exf6+ Rxf6 19. Bg2 Raf8 20. Qe3 Qc7 21. Ne2 h6 22.
h4 Nc8 23. Rf1 Nd6 24. Ne5 Nc4 25. Nxc4 bxc4 26. f4 Nb4 27. f5 Nd3 28. Rxd3 cxd3
29. Rc1 Qd6 30. Nf4 exf5 31. g5 hxg5 32. hxg5 R6f7 33. Bxd5 Re7 34. Qg3 Qb4 35.
Qxd3 Re1+ 36. Rxe1 Qxe1+ 37. Kg2 Re8 38. Bf3 Bb5 39. Qc3 Qxc3 40. bxc3 Rc8 41.
Ne6+ Kf7 42. Nc5 Ke7 43. Kg3 Bc4 44. a3 Rb8 45. Bb7 a5 46. Kf4 1/2-1/2

[Event "III Miedzynarodowy Memorial Ireny Warakomskiej - Open B"]
[Site "Suwalki"]
[Date "2019.08.12"]
[Round "7.32"]
[White "Koseski, Damian"]
[Black "Jasinowicz, Waclaw "]
[Result "1-0"]
[WhiteTitle ""]
[BlackTitle ""]
[WhiteElo "1846"]
[BlackElo "1523"]

1. d4 Nf6 2. c4 e6 3. Nf3 d5 4. Bg5 Be7 5. e3 O-O 6. Nc3 Nbd7 7. Qc2 h6 8. Bh4
b6 9. cxd5 exd5 10. Be2 Bb7 11. O-O Ne4 12. Bxe7 Qxe7 13. Rac1 f5 14. Ne5 Nxe5
15. dxe5 c5 16. f4 Rad8 17. Bf3 Qe6 18. Rfd1 Kh8 19. Nb5 a6 20. Bxe4 fxe4 21.
Nd6 Rxd6 22. exd6 Qxd6 23. Qxe4 1-0

[Event "III Miedzynarodowy Memorial Ireny Warakomskiej - Open B"]
[Site "Suwalki"]
[Date "2019.08.12"]
[Round "7.34"]
[White "Dziewonski, Dariusz"]
[Black "Kuleba, Ivan "]
[Result "1/2-1/2"]
[WhiteTitle ""]
[BlackTitle ""]
[WhiteElo "1838"]
[BlackElo "1609"]

1. e4 c5 2. Nf3 a6 3. Nc3 d6 4. d4 cxd4 5. Nxd4 e5 6. Nf3 Be7 7. Bc4 Nf6 8. Bg5
Nbd7 9. O-O O-O 10. Bb3 h6 11. Bxf6 Nxf6 12. Qd3 Bd7 13. Rfe1 Rc8 14. Nd2 Qc7
15. Nf1 Qc5 16. Ne3 Be6 17. Rad1 Rfd8 18. Rd2 b5 19. Ncd5 Nxd5 20. Bxd5 Bg5 21.
c3 Bxd5 22. Qxd5 Qxd5 23. Rxd5 Bxe3 24. Rxe3 Rc5 25. Red3 Rxd5 26. Rxd5 Kf8 27.
f3 Ke7 28. Kf2 Ke6 1/2-1/2

[Event "III Miedzynarodowy Memorial Ireny Warakomskiej - Open B"]
[Site "Suwalki"]
[Date "2019.08.12"]
[Round "7.36"]
[White "Wiewiora, Michalina"]
[Black "Wolagiewicz, Kinga "]
[Result "1/2-1/2"]
[WhiteTitle ""]
[BlackTitle ""]
[WhiteElo "1812"]
[BlackElo "1650"]

1. c4 e6 2. Nf3 Nf6 3. d4 d5 4. Nbd2 c6 5. g3 Nbd7 6. Bg2 Bd6 7. O-O O-O 8. Qc2
Re8 9. e4 dxe4 10. Nxe4 Nxe4 11. Qxe4 Nf6 12. Qe2 h6 13. Ne5 c5 14. dxc5 Bxc5
15. Rd1 Qb6 16. b3 Bd4 17. Bb2 Bxb2 18. Qxb2 Qc7 19. Qd4 a5 20. a3 Ra6 21. Rd3
b6 22. Bc6 Rf8 23. Qd6 Ra7 24. Rad1 Ba6 25. Qxc7 Rxc7 26. f3 Bb7 27. Bxb7 Rxb7
28. Nd7 Rxd7 29. Rxd7 Nxd7 30. Rxd7 Rb8 31. b4 axb4 32. axb4 Kf8 33. Rc7 Ke8 34.
Kf2 1/2-1/2

[Event "III Miedzynarodowy Memorial Ireny Warakomskiej - Open B"]
[Site "Suwalki"]
[Date "2019.08.12"]
[Round "7.39"]
[White "Mazurek, Jerzy "]
[Black "Maciejewski, Mikolaj "]
[Result "0-1"]
[WhiteTitle ""]
[BlackTitle ""]
[WhiteElo "1653"]
[BlackElo "1788"]

1. e4 c5 2. Nf3 Nc6 3. Bb5 g6 4. Bxc6 bxc6 5. d4 Bg7 6. O-O cxd4 7. Nxd4 Nf6 8.
Re1 O-O 9. e5 Nd5 10. c4 Nb6 11. b3 c5 12. Nf3 d5 13. cxd5 Nxd5 14. Qe2 Qc7 15.
Nbd2 Rd8 16. Ba3 Nf4 17. Qe4 Nd5 18. Rac1 Bf5 19. Qa4 Nb6 20. Qa5 Qb7 21. Rxc5
Rd7 22. Rec1 Rad8 23. Nf1 Bh6 24. Re1 Rd1 25. Bc1 Bf8 26. Rxd1 Rxd1 27. N3d2 e6
28. Rc3 Nd5 29. Rc4 Bd3 30. Bb2 Bxc4 31. bxc4 Nf4 32. Qa4 Qxg2# 0-1

[Event "III Miedzynarodowy Memorial Ireny Warakomskiej - Open B"]
[Site "Suwalki"]
[Date "2019.08.12"]
[Round "7.40"]
[White "Bancarewicz, Aleks "]
[Black "Starosciak, Szymon "]
[Result "1-0"]
[WhiteTitle ""]
[BlackTitle ""]
[WhiteElo "1773"]
[BlackElo "1762"]

1. e4 c5 2. Nf3 d6 3. d4 cxd4 4. Nxd4 Nf6 5. Nc3 Nc6 6. Bg5 Bd7 7. Qd2 Rc8 8. f4
Nxd4 9. Qxd4 Qa5 10. O-O-O h6 11. Bh4 g5 12. fxg5 hxg5 13. Bf2 Bc6 14. Bc4 a6
15. Nd5 Bxd5 16. exd5 Qc5 17. Bb3 Qxd4 18. Rxd4 Nd7 19. Rb4 Rc7 20. c3 Bg7 21.
h4 Nc5 22. Bc2 Be5 23. Be3 gxh4 24. Rhxh4 Rxh4 25. Rxh4 e6 26. dxe6 Nxe6 27. Rg4
Ng7 28. a4 Ke7 29. a5 Kf6 30. Rb4 Ne6 31. Be4 Nc5 32. Bc2 Ke6 33. g4 f6 34. Bf5+
Kd5 35. c4+ 1-0

[Event "III Miedzynarodowy Memorial Ireny Warakomskiej - Open B"]
[Site "Suwalki"]
[Date "2019.08.12"]
[Round "7.41"]
[White "Kutowski, Marcel "]
[Black "Czernecki, Andrzej "]
[Result "1/2-1/2"]
[WhiteTitle ""]
[BlackTitle ""]
[WhiteElo "1773"]
[BlackElo "1580"]

1. e4 c5 2. Nf3 d6 3. d4 cxd4 4. Qxd4 Nc6 5. Bb5 Bd7 6. Qd3 g6 7. c4 Bg7 8. Nc3
Ne5 9. Bxd7+ Qxd7 10. Nxe5 Bxe5 11. Be3 Bg7 12. Bd4 Bxd4 13. Qxd4 e5 14. Qd3 a6
15. Rd1 Rd8 16. O-O Ne7 17. Nd5 Nxd5 18. Qxd5 Qc6 19. Rc1 Qxd5 20. cxd5 Ke7 21.
Rc7+ Rd7 22. Rc3 Rhd8 23. g3 f5 24. f3 Kf6 25. Rfc1 Rf8 26. Rc7 Ke7 27. Kg2 fxe4
28. fxe4 Rfd8 29. R7c3 Rf8 30. b4 Kf6 31. Rf1+ Kg7 32. Rxf8 Kxf8 33. a4 Ke7 34.
b5 axb5 35. axb5 h6 36. b6 Kd8 37. Ra3 Ke7 38. h4 Rd8 39. Rc3 Rd7 40. Kh3 h5 41.
g4 Kf7 42. gxh5 gxh5 43. Rf3+ Kg6 44. Rf8 Kg7 45. Rc8 Kh7 46. Rc7 Rg7 47. Rc8
Rd7 48. Re8 Kg7 49. Re6 Kh7 50. Rf6 Kg7 51. Rf5 Kg6 52. Rg5+ Kh6 53. Rg8 Kh7 54.
Rg5 Kh6 55. Rf5 Kg6 56. Kg3 Rf7 57. Rf2 1/2-1/2

[Event "III Miedzynarodowy Memorial Ireny Warakomskiej - Open B"]
[Site "Suwalki"]
[Date "2019.08.12"]
[Round "7.42"]
[White "Wloch, Mikolaj "]
[Black "Olszewski, Jan "]
[Result "1-0"]
[WhiteTitle ""]
[BlackTitle ""]
[WhiteElo "1771"]
[BlackElo "1405"]

1. e4 e5 2. Nf3 Nc6 3. d4 exd4 4. Bc4 Bc5 5. c3 dxc3 6. Bxf7+ Kxf7 7. Qd5+ Ke8
8. Qh5+ Kf8 9. Qxc5+ d6 10. Qxc3 Qf6 11. Bg5 Qxc3+ 12. Nxc3 Nge7 13. Nb5 Bd7 14.
Nxc7 Rc8 15. Nb5 Nb4 16. Nbd4 Nc2+ 17. Nxc2 Rxc2 18. b3 Nc6 19. O-O Re2 20. Rfe1
Rxe1+ 21. Rxe1 Nb4 22. a3 Nc6 23. Rd1 Be6 24. Rxd6 Bxb3 25. Nd4 Ba4 26. Nxc6 Bxc6
27. Rd8+ Be8 28. Rb8 b6 29. f3 h6 30. Be3 g5 31. Ra8 Rh7 32. Kf2 Rb7 33. Kg3 a5
34. Ra6 b5 35. Rxa5 Kg7 36. Bd4+ Kh7 37. Ra7 Rxa7 38. Bxa7 Kg6 39. Kf2 Bd7 40.
Ke3 Kf7 41. g3 h5 42. f4 g4 43. f5 Kf6 44. Kf4 Be8 45. e5+ Ke7 46. Bc5+ Kf7 47.
Kg5 1-0

[Event "III Miedzynarodowy Memorial Ireny Warakomskiej - Open B"]
[Site "Suwalki"]
[Date "2019.08.12"]
[Round "7.44"]
[White "Plesiuk, Jan "]
[Black "Kalvaitis, Gintautas "]
[Result "1-0"]
[WhiteTitle ""]
[BlackTitle ""]
[WhiteElo "1695"]
[BlackElo "1751"]

1. d4 d5 2. Bf4 e6 3. e3 c5 4. c3 Nf6 5. Nd2 Bd6 6. Bxd6 Qxd6 7. Bd3 O-O 8. f4
b6 9. g4 Bb7 10. Qf3 Qc6 11. Ne2 Ne4 12. Ng3 Nxd2 13. Kxd2 f6 14. h4 Nd7 15. g5
e5 16. Bxh7+ Kf7 17. Qh5+ Ke7 18. Nf5+ Kd8 19. Nxg7 Qd6 20. Bf5 Kc8 21. Ne6 Rd8
22. fxe5 fxe5 23. Qf7 cxd4 24. Nxd8 dxc3+ 25. bxc3 d4 26. Qxd7+ Qxd7 27. Bxd7+
Kxd8 28. Bf5 Bxh1 29. Rxh1 dxc3+ 30. Kxc3 Ke7 31. Rd1 Rh8 32. Rd7+ Ke8 33. Rh7
Rf8 34. e4 1-0

[Event "III Miedzynarodowy Memorial Ireny Warakomskiej - Open B"]
[Site "Suwalki"]
[Date "2019.08.12"]
[Round "7.46"]
[White "Kruczynski, Marek"]
[Black "Szczotka, Klara"]
[Result "0-1"]
[WhiteTitle ""]
[BlackTitle ""]
[WhiteElo "1723"]
[BlackElo "1732"]

1. e4 c5 2. Nf3 e6 3. c4 Nc6 4. d4 cxd4 5. Nxd4 Nf6 6. Nc3 Qc7 7. Nc2 a6 8. Be2
d6 9. O-O Be7 10. b3 b6 11. f4 Bb7 12. Be3 Rb8 13. Bf3 O-O 14. Rc1 Rfc8 15. Qe2
Ba8 16. a4 Na5 17. Na1 Nb7 18. Rfe1 Nc5 19. Bf2 Bc6 20. Rcd1 Rd8 21. Bg3 Qb7 22.
Qc2 a5 23. Qe2 Rbc8 24. Rb1 Bf8 25. Bf2 d5 26. b4 axb4 27. exd5 exd5 28. cxd5
Nxd5 29. Nxd5 Bxd5 30. Bxd5 Rxd5 31. Red1 Rxd1+ 32. Rxd1 Nxa4 33. Re1 Nc3 0-1

[Event "III Miedzynarodowy Memorial Ireny Warakomskiej - Open B"]
[Site "Suwalki"]
[Date "2019.08.12"]
[Round "8.3"]
[White "Kaliszuk, Kamil"]
[Black "Kowalec, Maciej"]
[Result "0-1"]
[WhiteTitle ""]
[BlackTitle ""]
[WhiteElo "1853"]
[BlackElo "2074"]

1. e4 e6 2. d4 d5 3. Nd2 c5 4. exd5 exd5 5. dxc5 Bxc5 6. Nb3 Bb6 7. Nf3 Nc6 8.
Be2 Nge7 9. O-O O-O 10. Bf4 Ng6 11. Bd2 d4 12. Nc1 Be6 13. Re1 Qd6 14. Nd3 Rac8
15. Qb1 Bd5 16. b4 Bc7 17. g3 Qf6 18. Ng5 Rfe8 19. Bg4 Rcd8 20. Nh3 Nce5 21. Qd1
Nxg4 22. Qxg4 Be6 23. Qh5 Rd5 24. Qxd5 Bxd5 25. Rxe8+ Nf8 26. Ng5 Qc6 27. Re2
h6 28. Nh3 Bf3 29. Ree1 Qxc2 30. Bf4 Qxd3 31. Bxc7 Qf5 32. Nf4 g5 33. Re5 Qc8
34. Nd3 Qxc7 35. Rc1 Qd7 36. Ne1 Bc6 37. Rb1 a6 0-1

[Event "III Miedzynarodowy Memorial Ireny Warakomskiej - Open B"]
[Site "Suwalki"]
[Date "2019.08.12"]
[Round "8.6"]
[White "Hrymowicz, Artur "]
[Black "Goraj, Barbara "]
[Result "0-1"]
[WhiteTitle ""]
[BlackTitle ""]
[WhiteElo "2064"]
[BlackElo "1800"]

1. e4 c5 2. b3 d6 3. Bb2 e6 4. Nc3 a6 5. Nf3 Nd7 6. d4 cxd4 7. Qxd4 Ngf6 8. Be2
Be7 9. O-O O-O 10. Rad1 Qc7 11. a4 b6 12. Nd2 Ne5 13. Kh1 Bb7 14. Nc4 Nxc4 15.
Bxc4 Rfd8 16. f4 d5 17. exd5 exd5 18. Be2 Re8 19. Bf3 Bc5 20. Qd3 Rad8 21. Ne2
Ne4 22. Bd4 f6 23. Bxc5 bxc5 24. Ng3 g6 25. Bxe4 dxe4 26. Qc4+ Kg7 27. Rxd8 Rxd8
28. f5 Qe7 29. Ne2 g5 30. h4 h6 31. Qc3 e3 32. Ng3 Rd2 33. Nh5+ Kf7 34. Rg1 Rd4
0-1

[Event "III Miedzynarodowy Memorial Ireny Warakomskiej - Open B"]
[Site "Suwalki"]
[Date "2019.08.12"]
[Round "8.7"]
[White "Weintraub, Amit"]
[Black "Szewczyk, Mariusz"]
[Result "0-1"]
[WhiteTitle ""]
[BlackTitle ""]
[WhiteElo "1876"]
[BlackElo "2050"]

1. d4 Nf6 2. c4 e5 3. dxe5 Ng4 4. Bf4 g5 5. Bg3 Bg7 6. Nf3 Nc6 7. Nc3 Ngxe5 8.
Nxe5 Nxe5 9. e3 d6 10. h4 g4 11. h5 h6 12. Bh4 Bf6 13. Bxf6 Qxf6 14. Nd5 Qd8 15.
Qd4 Be6 16. O-O-O Bxd5 17. Qxd5 Qf6 18. Qxb7 O-O 19. Qe4 Qxf2 20. Bd3 f5 21. Qf4
Qxf4 22. exf4 Nxd3+ 23. Rxd3 Rfe8 24. g3 Re4 25. b3 Kf7 26. Rhd1 Kf6 27. Kc2 Rae8
28. Kc3 Re2 29. a4 Rh2 30. R1d2 Rxh5 31. Kd4 Ke6 32. c5 Rh1 33. cxd6 cxd6 34.
Kc4 Rd8 35. Re2+ Kd7 36. Red2 Kc6 37. Kd4 h5 38. Rc2+ Kd7 39. Kd5 h4 40. Rc6 Ke7
41. Re3+ Kf8 42. gxh4 Rd1+ 43. Kc4 Rf1 44. Kd5 Rxf4 45. Rxd6 Rxd6+ 46. Kxd6 Rf3
47. Re1 g3 48. Ke5 g2 49. Rg1 Rf2 50. Kf6 f4 51. h5 Rc2 52. h6 f3 53. Rd1 Rc6+
54. Kg5 Rxh6 0-1

[Event "III Miedzynarodowy Memorial Ireny Warakomskiej - Open B"]
[Site "Suwalki"]
[Date "2019.08.12"]
[Round "8.8"]
[White "Ocytko, Andrzej"]
[Black "Laskowski, Filip "]
[Result "1/2-1/2"]
[WhiteTitle ""]
[BlackTitle ""]
[WhiteElo "2047"]
[BlackElo "1842"]

1. e4 e6 2. d4 d5 3. Bd3 Nf6 4. e5 Nfd7 5. Nf3 c5 6. c3 Nc6 7. O-O b6 8. a3 a5
9. Re1 cxd4 10. cxd4 Ba6 11. Bxa6 Rxa6 12. Qa4 Ndb8 13. Nc3 Be7 14. Be3 Qd7 15.
Rac1 Na7 16. Qc2 b5 17. Na2 Nbc6 18. Qd3 Qb7 19. Bg5 Bf8 20. Rc2 b4 21. axb4 axb4
22. Nc1 h6 23. Be3 Na5 24. Nd2 Rc6 25. Ncb3 Rxc2 26. Qxc2 Nxb3 27. Nxb3 Qc6 28.
Qb1 Qa4 29. Qc2 Qc6 30. Qd2 Be7 31. Rc1 Qb6 32. Nc5 Bxc5 33. dxc5 Qb7 34. Qd4
1/2-1/2

[Event "III Miedzynarodowy Memorial Ireny Warakomskiej - Open B"]
[Site "Suwalki"]
[Date "2019.08.12"]
[Round "8.10"]
[White "Chojnowski, Marcin "]
[Black "Szalko, Maciej "]
[Result "0-1"]
[WhiteTitle ""]
[BlackTitle ""]
[WhiteElo "2038"]
[BlackElo "1931"]

1. e4 c5 2. Nf3 e6 3. d4 cxd4 4. Nxd4 Qc7 5. Nb5 Qc6 6. Bd3 a6 7. Nd4 Qc7 8. O-O
Nf6 9. Be3 Be7 10. c4 d6 11. Nc3 b6 12. f3 Bb7 13. Qd2 Nbd7 14. Rfc1 h5 15. b4
h4 16. Nb3 h3 17. g3 Ne5 18. Qe2 Nxd3 19. Qxd3 Nd7 20. Qe2 Rc8 21. Na4 Qb8 22.
c5 dxc5 23. bxc5 b5 24. Nb6 Nxb6 25. cxb6 Ba3 26. Rxc8+ Qxc8 27. Rd1 O-O 28. Qd3
f5 29. Na5 fxe4 30. fxe4 Ba8 31. Rf1 Rd8 32. Qb1 Qc3 33. Qe1 Qc2 34. Bf2 Bxe4
35. Nb3 Kh8 36. Qe3 Qc6 37. g4 Bg2 38. Re1 Bb4 39. Rc1 Qd5 40. Qg3 Qd1+ 41. Rxd1
Rxd1+ 42. Be1 Bxe1 0-1

[Event "III Miedzynarodowy Memorial Ireny Warakomskiej - Open B"]
[Site "Suwalki"]
[Date "2019.08.12"]
[Round "8.11"]
[White "Paszkowski, Krystian "]
[Black "Mirski, Michal "]
[Result "1-0"]
[WhiteTitle ""]
[BlackTitle ""]
[WhiteElo "1746"]
[BlackElo "2038"]

1. e4 c5 2. Nf3 a6 3. b3 e6 4. Bb2 d5 5. exd5 exd5 6. d4 Nf6 7. Bd3 Nc6 8. a3 Bg4
9. dxc5 Bxc5 10. Qe2+ Qe7 11. Qxe7+ Bxe7 12. Nbd2 O-O 13. O-O Rfe8 14. Rfe1 Bc5
15. b4 Ba7 16. c4 dxc4 17. Bxc4 Rad8 18. h3 Bxf3 19. Nxf3 Ne4 20. Bxf7+ Kxf7 21.
Rxe4 Rxe4 22. Ng5+ Kg6 23. Nxe4 Re8 24. Re1 Ne5 25. Bxe5 Rxe5 26. Kf1 Rd5 27.
Ke2 Rd4 28. f3 Rc4 29. Kd3 Rd4+ 30. Kc3 Rd7 31. h4 Kf5 32. Ng5 h6 33. Ne4 Kf4
34. Re2 Bd4+ 35. Kb3 Rc7 36. Rc2 Re7 37. Kc4 Be5 38. Kd5 Bb8 39. Rc8 Ba7 40. Rf8+
Ke3 41. Kd6 Rxe4 42. fxe4 Kxe4 43. Kc7 1-0

[Event "III Miedzynarodowy Memorial Ireny Warakomskiej - Open B"]
[Site "Suwalki"]
[Date "2019.08.12"]
[Round "8.12"]
[White "Grzesik, Norbert "]
[Black "Skurniak, Szymon "]
[Result "0-1"]
[WhiteTitle ""]
[BlackTitle ""]
[WhiteElo "2031"]
[BlackElo "1962"]

1. e4 c5 2. Nf3 Nc6 3. d4 cxd4 4. Nxd4 Nf6 5. Nc3 d6 6. Bg5 Qb6 7. Nb3 e6 8. Qd2
Be7 9. f3 O-O 10. O-O-O Rd8 11. Nb5 Rd7 12. N5d4 a5 13. a4 Qb4 14. Bb5 Rc7 15.
Kb1 Qxd2 16. Bxd2 Nxd4 17. Nxd4 e5 18. Ne2 Be6 19. Bg5 Rd8 20. Nc3 b6 21. Rd3
Kf8 22. Rhd1 Ng8 23. Be3 Rb8 24. g4 h6 25. h4 g6 26. g5 h5 27. Rf1 f5 28. gxf6
Nxf6 29. Bg5 Nh7 30. Bh6+ Kg8 31. f4 Nf6 32. f5 gxf5 33. exf5 Bf7 34. Bg5 Rd8
35. Rg1 Kh7 36. Rdg3 d5 37. Be3 Bc5 38. Rg7+ Kh8 39. Bxc5 bxc5 40. R1g5 d4 41.
Ne2 Ba2+ 42. Kxa2 Rxg7 43. Ng3 Rdg8 44. Nxh5 Rxg5 45. Nxf6 Rxf5 46. Nxg8 Kxg8
47. Kb1 e4 48. Kc1 Rf2 49. Kd1 Rh2 50. b3 Kg7 51. Bc6 Rxh4 52. Kd2 Kf6 53. c3
Ke5 54. b4 cxb4 55. cxb4 Rh2+ 0-1

[Event "III Miedzynarodowy Memorial Ireny Warakomskiej - Open B"]
[Site "Suwalki"]
[Date "2019.08.12"]
[Round "8.13"]
[White "Rak, Tomasz"]
[Black "Duda, Lukasz "]
[Result "0-1"]
[WhiteTitle ""]
[BlackTitle ""]
[WhiteElo "2022"]
[BlackElo "1847"]

1. Nf3 Nf6 2. d4 e6 3. Bf4 c5 4. e3 Qb6 5. Nc3 Nc6 6. Na4 Qa5+ 7. c3 cxd4 8. exd4
Nd5 9. b4 Qd8 10. Bd2 Be7 11. Nb2 O-O 12. a3 f5 13. Bc4 Nf6 14. O-O b5 15. Bxb5
Bb7 16. Nd3 Ne4 17. Nc5 Nxc5 18. dxc5 Qe8 19. Re1 Qg6 20. Bf1 Bf6 21. Rc1 Rae8
22. b5 Nd8 23. Bf4 Nf7 24. Rc2 e5 25. Bc1 e4 26. Nd4 Ne5 27. c6 dxc6 28. bxc6
Bc8 29. Kh1 Rd8 30. Rb2 Kh8 31. Qa4 Qh5 32. Rb8 Ng4 33. h3 Nxf2+ 34. Kg1 Bh4 35.
Re2 Nd3 36. Bd2 Bg3 37. Rb5 Qg6 38. Qa5 h6 39. Qxa7 f4 40. Kh1 e3 41. Nf3 Nf2+
42. Kg1 exd2 43. Rxd2 Rxd2 44. Nxd2 Nxh3+ 45. gxh3 Be1+ 46. Kh1 Qxc6+ 47. Kh2
Bxd2 48. Rb8 f3 49. Rb2 Bf4+ 50. Kh1 f2+ 51. Bg2 f1=Q+ 0-1

[Event "III Miedzynarodowy Memorial Ireny Warakomskiej - Open B"]
[Site "Suwalki"]
[Date "2019.08.12"]
[Round "8.14"]
[White "Mazalon, Mariusz "]
[Black "Jeda, Maciej "]
[Result "1/2-1/2"]
[WhiteTitle ""]
[BlackTitle ""]
[WhiteElo "2012"]
[BlackElo "1815"]

1. d4 Nf6 2. Nf3 g6 3. c3 Bg7 4. Bg5 h6 5. Bh4 O-O 6. Nbd2 d6 7. e4 Qe8 8. Be2
Nbd7 9. O-O e5 10. dxe5 Nxe5 11. Nxe5 Qxe5 12. f4 Qe8 13. Bf3 Bd7 14. Qc2 Bc6
15. Rae1 Qd7 16. Kh1 Rae8 17. h3 Kh8 18. c4 Ng8 19. Bg4 f5 20. exf5 gxf5 21. Rxe8
Qxe8 22. Re1 Qd7 23. Bf3 Bxf3 24. Nxf3 1/2-1/2

[Event "III Miedzynarodowy Memorial Ireny Warakomskiej - Open B"]
[Site "Suwalki"]
[Date "2019.08.12"]
[Round "8.15"]
[White "Wojdak, Jan"]
[Black "Karolczuk, Iwo "]
[Result "1/2-1/2"]
[WhiteTitle ""]
[BlackTitle ""]
[WhiteElo "1913"]
[BlackElo "1987"]

1. e4 c5 2. Nf3 e6 3. d4 cxd4 4. Nxd4 a6 5. Bd3 Nf6 6. O-O d6 7. c4 Be7 8. Nc3
O-O 9. Be3 Nc6 10. Kh1 Ne5 11. h3 Qc7 12. Rc1 Nxd3 13. Qxd3 Bd7 14. b3 Rfc8 15.
f4 Rab8 16. a4 Qd8 17. Nf3 Bc6 18. Bd2 Qb6 19. Nd4 Nd7 20. b4 Bf6 21. Nc2 Nf8
22. a5 Qc7 23. Ne3 Be8 24. Ne2 b6 25. axb6 Qxb6 26. Ng4 Be7 27. Qg3 f6 28. e5
dxe5 29. fxe5 f5 30. Nf6+ Kh8 31. c5 Qc7 32. Nxe8 Rxe8 33. Nf4 Red8 34. Qc3 Qc6
35. Rfe1 Rd7 36. Be3 Rbd8 37. Qc4 g5 38. Ne2 f4 39. Nd4 Qc7 40. Bf2 Rd5 1/2-1/2

[Event "III Miedzynarodowy Memorial Ireny Warakomskiej - Open B"]
[Site "Suwalki"]
[Date "2019.08.12"]
[Round "8.16"]
[White "Musial, Tomasz "]
[Black "Kaczmarek, Arkadiusz "]
[Result "1/2-1/2"]
[WhiteTitle ""]
[BlackTitle ""]
[WhiteElo "1935"]
[BlackElo "1986"]

1. e4 e6 2. d4 d5 3. Nd2 Nf6 4. e5 Nfd7 5. Bd3 c5 6. c3 Nc6 7. Ne2 cxd4 8. cxd4
f6 9. exf6 Nxf6 10. Nf3 Bd6 11. O-O Qc7 12. Bg5 O-O 13. Rc1 Ng4 14. h3 Rxf3 15.
hxg4 Rf7 16. Bb1 Bd7 17. Qd3 g6 18. a3 Qb6 19. b4 Re8 20. Ba2 Ne7 21. Nc3 Bf4
22. Bxe7 Rexe7 23. Rc2 Bb8 24. g3 g5 25. Re1 Re8 26. Nxd5 Bb5 27. Nxb6 Bxd3 28.
Rxe6 Rxe6 29. Rc8+ Rf8 30. Bxe6+ Kg7 31. Rxf8 Kxf8 32. Bc4 Bc7 33. Nd7+ Ke7 34.
Bxd3 Kxd7 35. Bxh7 a5 36. bxa5 Bxa5 37. Be4 b5 38. Bd3 Kc6 39. d5+ Kc5 40. d6
Bb6 41. d7 b4 42. axb4+ Kxb4 43. Kg2 Kc3 44. Bb5 Kd4 45. f4 Bd8 46. Kf3 Bf6 47.
Ke2 Bd8 48. Kd2 Bf6 49. Kc2 Ke3 50. f5 Kd4 51. Kb3 Kc5 52. Ba4 Bd8 53. Kc3 Bf6+
54. Kd3 Kd5 55. Bb5 Kc5 56. Ke4 Kd6 57. Ba4 Bd8 58. Kd4 Bb6+ 59. Kc4 Bd8 60. Kb4
Bf6 1/2-1/2

[Event "III Miedzynarodowy Memorial Ireny Warakomskiej - Open B"]
[Site "Suwalki"]
[Date "2019.08.12"]
[Round "8.17"]
[White "Hryharovich, Aliaksei"]
[Black "Slabek, Grzegorz "]
[Result "1/2-1/2"]
[WhiteTitle ""]
[BlackTitle ""]
[WhiteElo "1659"]
[BlackElo "1982"]

1. d4 Nf6 2. Nf3 g6 3. Bf4 Bg7 4. e3 O-O 5. Bc4 d5 6. Bd3 c6 7. O-O Qb6 8. Qc1
Ne4 9. Nbd2 f5 10. c4 e6 11. c5 Qd8 12. b4 a6 13. h3 Bd7 14. Bxe4 fxe4 15. Ne5
Be8 16. Qb2 Nd7 17. Nxd7 Qxd7 18. Bd6 Rf5 19. a4 g5 20. Rfb1 h5 21. b5 axb5 22.
axb5 Rxa1 23. Rxa1 cxb5 24. Ra7 g4 25. hxg4 hxg4 26. Nf1 Bf8 27. Bf4 Rf6 28. Qa3
Qf7 29. Qa5 Bc6 30. Qd8 Kh7 31. Ra8 Bg7 1/2-1/2

[Event "III Miedzynarodowy Memorial Ireny Warakomskiej - Open B"]
[Site "Suwalki"]
[Date "2019.08.12"]
[Round "8.18"]
[White "Wierzbicki, Michal "]
[Black "Ryszkiewicz, Adam"]
[Result "1-0"]
[WhiteTitle ""]
[BlackTitle ""]
[WhiteElo "1978"]
[BlackElo "1927"]

1. d4 f5 2. g3 Nf6 3. Bg2 g6 4. Nh3 Bg7 5. Nf4 d6 6. d5 c6 7. c4 O-O 8. h4 Ng4
9. O-O Qb6 10. Qb3 Qc7 11. Nc3 Na6 12. a3 Nc5 13. Qc2 e5 14. dxe6 Nxe6 15. Nxe6
Bxe6 16. b3 Rac8 17. Bf4 Qe7 18. Qd2 Rfd8 19. Bg5 Bf6 20. Bxf6 Qxf6 21. Rac1 Rd7
22. e4 Rf8 23. f4 h6 24. Bf3 Qe7 25. Bxg4 fxg4 26. f5 gxf5 27. Qxh6 Rf6 28. Qg5+
Qg7 29. Qxg7+ Kxg7 30. Rcd1 a6 31. exf5 Bxf5 32. Rd2 Re7 33. Re2 Ref7 34. Rf4
Kg6 35. Ref2 Re7 36. Re2 Re5 37. Rxe5 dxe5 38. Rf1 Rd6 39. Rd1 Rd4 40. Rxd4 exd4
41. Ne2 c5 42. b4 b6 43. Nf4+ Kf6 44. Nd5+ Ke5 45. Nxb6 d3 46. Kf2 Kd4 47. Nd5
cxb4 48. axb4 Be4 49. Ne3 Kc3 50. Nxg4 Kxc4 51. Ke3 Bf5 52. Nf2 Kc3 53. g4 Bh7
54. h5 d2 55. g5 Bb1 56. g6 Bc2 57. Ke2 Bf5 58. Nd1+ Kc2 59. Ne3+ Kc1 60. Kf3
Kb2 61. Kf4 Bb1 62. Nc4+ Kc3 63. Nxd2 Kxd2 64. Kg5 Kc3 65. h6 Kxb4 66. h7 1-0

[Event "III Miedzynarodowy Memorial Ireny Warakomskiej - Open B"]
[Site "Suwalki"]
[Date "2019.08.12"]
[Round "8.19"]
[White "Pytel, Maciej"]
[Black "Szydlo, Michal "]
[Result "1/2-1/2"]
[WhiteTitle ""]
[BlackTitle ""]
[WhiteElo "1977"]
[BlackElo "1865"]

1. e4 e5 2. Nf3 Nc6 3. Bc4 Nf6 4. d3 Be7 5. O-O O-O 6. Re1 d6 7. h3 Na5 8. Bb3
Nxb3 9. axb3 Re8 10. d4 Nd7 11. Nc3 c6 12. Be3 Qc7 13. Qd2 Bf6 14. Rad1 g6 15.
Nh2 Nf8 16. d5 c5 17. f4 exf4 18. Bxf4 a6 19. Qd3 Qe7 20. Rf1 Be5 21. Bxe5 Qxe5
22. Qf3 f5 23. Rde1 Bd7 24. g4 fxg4 25. hxg4 Re7 26. Kg2 b5 27. Qf6 b4 28. Qxe5
Rxe5 29. Nd1 Rae8 30. Nf2 Bb5 31. Rh1 Nd7 32. Nf3 R5e7 33. g5 Rf8 34. c4 bxc3
35. bxc3 Ne5 36. Re3 Bd7 37. Nxe5 Rxe5 38. Rg3 1/2-1/2

[Event "III Miedzynarodowy Memorial Ireny Warakomskiej - Open B"]
[Site "Suwalki"]
[Date "2019.08.12"]
[Round "8.20"]
[White "Litner, Igor "]
[Black "Szczygiel, Konrad"]
[Result "1-0"]
[WhiteTitle ""]
[BlackTitle ""]
[WhiteElo "1974"]
[BlackElo "1896"]

1. d4 Nf6 2. g3 e6 3. Bg2 d5 4. Bg5 Be7 5. e3 h6 6. Bxf6 Bxf6 7. c3 b6 8. Ne2 O-O
9. O-O c5 10. Nd2 Bb7 11. f4 Nc6 12. Nf3 g6 13. Nc1 Na5 14. Nd3 cxd4 15. exd4
Ba6 16. Rf2 Bxd3 17. Qxd3 Nc4 18. b3 Na5 19. Ne5 Bxe5 20. fxe5 Nc6 21. Raf1 Kg7
22. Rf6 Rc8 23. h4 Ne7 24. h5 gxh5 25. Qf3 Qe8 26. Qxh5 Ng6 27. Qf3 Rc7 28. Qe3
Rh8 29. R1f3 h5 30. Bf1 Qg8 31. Bd3 Rxc3 32. Rxf7+ 1-0